Nicaragua's measured move to democracy: electoral assistance to postconflict societes /

Zapisane w:
Opis bibliograficzny
organizacja autorów: Agency for International Development, Center for Development Information and Evaluation
Format: Texto
Wydane: Washington: AID
Etykiety: Dodaj etykietę
Nie ma etykietki, Dołącz pierwszą etykiete!

MARC

LEADER 00000 a a2200000 04500
001 22822
003
040 |a CRAI/IIS  |c CRAI/IIS 
090 |a 157100  
110 |a Agency for International Development  
245 |a Nicaragua's measured move to democracy: electoral assistance to postconflict societes /  |c Agency for International Development  
260 |a Washington:   |b AID  
300 |a 15 p.   |b il.  
710 |a Center for Development Information and Evaluation  
999 |c 17520  |d 17520